| 000 | 00533nam a2200217 a 4500 | ||
|---|---|---|---|
| 999 |
_c7096 _d7096 |
||
| 001 | 7096 | ||
| 003 | BD-JhCC | ||
| 005 | 20180205093428.0 | ||
| 008 | 180205s1974 bg a|||| || | 000 0 eng d | ||
| 035 | _a(BD-JhCC)7096 | ||
| 040 |
_aBD-JhCC _dBD-JhCC |
||
| 041 | _aeng | ||
| 082 |
_a398.3 _bJAS 1974 |
||
| 100 | _aJasimuddin | ||
| 245 |
_aFolk Tales of Bangladesh / _cJasimuddin |
||
| 260 |
_aDacca : _bOxford University Press, _c1974 |
||
| 300 |
_a105 p. : _c18 cm. |
||
| 650 | _aFolk Tales | ||
| 942 |
_2ddc _cBK |
||